Statistics for Primate Cities by Relative Primacy

Click here to take the quiz!

General Stats

  • This quiz has been taken 256 times
  • The average score is 5 of 20

Answer Stats

RateCities% Correct
11.5Reykjavík
53%
15.1Ulaanbaatar
51%
18.7Montevideo
37%
11.2Khartoum
35%
13.9Budapest
25%
15.7Dili
25%
12.5Djibouti
24%
12.1Paramaribo
24%
36.9San José
23%
12.6Kigali
21%
11.6N'Djamena
21%
10.8Yerevan
21%
36.7Bridgetown
20%
20.6Apia
18%
12.4Managua
17%
24.8St. John's
17%
12.5Lomé
16%
26.8Monrovia
16%
15.6Phnom Penh
16%
14.1St. George's
14%

Score Distribution

Percentile by Number Answered

Percent of People with Each Score

Your Score History

You have not taken this quiz